Biblioteca y Centro de Documentación

Organization and governance in social economy enterprises (Registro nro. 48470)

Detalles MARC
000 -CABECERA
Longitud fija campo de control 00926naa a2200229 c 4500
001 - NÚMERO DE CONTROL
Número de control 48470
003 - IDENTIFICADOR DE NÚMERO DE CONTROL
Identificador del número de control ES-MaCES
005 - FECHA Y HORA DE LA ÚLTIMA TRANSACCIÓN
Fecha y hora de la última transacción 20161028120456.0
008 - CAMPO FIJO DE DESCRIPCIÓN FIJA--INFORMACIÓN GENERAL
Códigos de información de longitud fija   161028s2016 uk ||||| t||||||| ||eng d
040 ## - FUENTE DE CATALOGACIÓN
Centro catalogador de origen ES-MaCES
Lengua de catalogación spa
Centro transcriptor ES-MaCES
Centro modificado ES-MaCES
245 00 - MENCIÓN DE TÍTULO
Título Organization and governance in social economy enterprises
650 #4 - ASIENTO SECUNDARIO DE MATERIA--TÉRMINO DE MATERIA
9 (RLIN) 30379
Término de materia o nombre geográfico como elemento inicial economía social
650 #4 - ASIENTO SECUNDARIO DE MATERIA--TÉRMINO DE MATERIA
9 (RLIN) 30590
Término de materia o nombre geográfico como elemento inicial responsabilidad social
650 #4 - ASIENTO SECUNDARIO DE MATERIA--TÉRMINO DE MATERIA
9 (RLIN) 27136
Término de materia o nombre geográfico como elemento inicial cooperativa
650 #4 - ASIENTO SECUNDARIO DE MATERIA--TÉRMINO DE MATERIA
9 (RLIN) 27312
Término de materia o nombre geográfico como elemento inicial organización sin fines de lucro
650 #4 - ASIENTO SECUNDARIO DE MATERIA--TÉRMINO DE MATERIA
9 (RLIN) 30601
Término de materia o nombre geográfico como elemento inicial estrategia empresarial
650 #4 - ASIENTO SECUNDARIO DE MATERIA--TÉRMINO DE MATERIA
9 (RLIN) 30332
Término de materia o nombre geográfico como elemento inicial planificación corporativa
653 10 - TÉRMINO DE INDEXACIÓN--NO CONTROLADO
Término no controlado Empresa
773 0# - ENTRADA DE DOCUMENTO FUENTE
Itemnumber del ítem fuente 85182
Lugar, editor y fecha de publicación Oxford (108, Cowley Road) Blackwell ; Liège (Sart-Tilman, Bât 33 bte 6, 4000) : CIRIEC
Otro identificador del documento 088080
Título Annals of public and cooperative economics
Número de control del registro relacionado (ES-MaCES)25705
Parte(s) relacionada(s) vol. 87, no. 3 (Sept. 2016) {10704 R. 088080} ; 496p.
902 ## - CES. TIPO DE DOCUMENTO
Tipodoc (006$c Sirtex) MON Monográfico de revista
942 ## - ELEMENTOS KOHA
Fuente de clasificaión o esquema Clasificación propia del CES
Koha [por defecto] tipo de item Artículos (1982-2017)
Parte de clasificación Economía

No hay ítems disponibles.

© CES, Consejo Económico y Social de España 2021